01006nam a2200241 a 450000100100000000500170001000800410002702000150006804000250008324501420010826000270025030000300027749000310030750400190033850400730035770000320043070000390046270000310050171000720053283000380060495201050064299900170074700004166820201002035709.0131016s2003 sp a 001 0 spa d a8400081471 aDO-SdBNPbspacBNPHU00aEl fago [Fi]29 y los orígenes de la biología molecular en España /cJesús Avila, Manuel Perucho, Carlos López-Otín, editores. aMadrid :bCSIC,c2003. a435 p. ; :bil. ;c25 cm.1 aBiblioteca de cienciasv10 aBibliografía aIncluye referencias bibliográficas y notas al pie de las páginas1 aPerucho, Manueleed.9684611 aLópez-Otín, Carloseed.9684621 aAvila, Jesúseed.9684632 aConsejo Superior de Investigaciones Científicas (España)915178 0aBiblioteca de cienciasc10938842 001050718MOaGRbGRcCTd2013-10-15iLF1l0o p41668-10r2020-06-25w2020-06-25y1ZNo se presta c41158d41158